LEADER 01061nam a2200205 i 4500 001 000000251798 003 CaOOAMICUS 005 20161201000000.0 008 161201s1804 it u000 u ita u 013 $a230703 026 $amee- 8.86 v.n- DaDa (C) 1804 (R) 040 $aSeMil$bita 245 10$aTomo 2. 300 $a329, [3] p., [1] c. di tav. ripieg. 500 $aContiene: Bernardo Davanzati, Lezione delle monete ; Gasparo Scaruffi, Discorso sopra l'oro e le monete e della vera proporzione tra l'oro e l'argento. - Segn.: [A]8 B-V8 X6 (X6 bianca). 773 0 $tScrittori classici italiani di economia politica.$dMilano : Nella Stamperia e Fondria di G. G. Destefanis, a san Zeno n. 534, 1803-1816.$g9$w()33494 773 0 $tScrittori classici italiani di economia politica. Parte antica.$dMilano : Nella Stamperia e Fonderia di G. G. Destefanis, a san Zeno n. 534, 1803-1804.$g2$w()33498 850 $aSeMil 852 $aSeMil$W1$xVenegono$y1$m3M II 43 FA$j202144$B202144$CSeMilBibl$Z2$F214762 $8I 996 $6245$aTomo 2$9(OLS)http://semarc/title/49331 LEADER 00913nam a2200193 i 4500 001 000000062528 003 CaOOAMICUS 005 20130301000000.0 008 130301s1905 xx u000 u lat u 013 $a33700 040 $aSeMil$bita 245 10$aTestimonium Jesu de se ipso probatur miraculis quae ante mortem suam patravit. 300 $a474, XXIV p. 650 4$aTeologia - Manuali.$0(OLS)http://semarc/subject/315 700 1 $aLaak, Hermann : van,$c.$0(OLS)http://semarc/name/1935 773 0 $aLaak, Hermann : van $tRevelationis divinae publicae impertitione atque custodia. Tractatus historico-philosophicus (Apologeticus).$dRomae : Spellani, 1904-1905.$g2$w()28135 850 $aSeMil 852 $aSeMil$W1$xVenegono$y1$m2L IV 116$j28681$B28681$CSeMilBibl$Z2$F28684 $81 996 $6245$aTestimonium Jesu de se ipso probatur miraculis quae ante mortem suam patravit$9(OLS)http://semarc/title/98457